000 01179cam a2200217 4500
001 ABS65623
008 020708n2002 000 0 eng u
035 _a(Sirsi) u118743
100 _aTinworth, A.
245 _aTools for the professional
260 _c2002
490 _aEstates Gazette
_v(0226) 29 June 2002, 124-125(2)
520 _aGives highlights of the 2002 Property Computer Show North. Argues that the most interesting developments were in the areas of virtual tours for websites and software designed for handheld computers. A company called OxyCom Production has developed an attachment to a digital camera that allows the whole panorama of a house to be taken in a single shot. Realviewings.com now film walking tours of buildings which are imported into a PC and converted into Windows Media Format. Palm top computers are also becoming more important with the aid of more sophisticated software such as Property Assistant.
590 _aABS
650 _aPROPERTY SHOWS
650 _aVIRTUAL PROPERTY TOURS
650 _aOXYCOM PRODUCTIONS
650 _aMOBILE AGENTS
690 _aMANAGEMENT-BUSINESS MANAGEMENT-INFORMATION MANAGEMENT
942 _n0
999 _c70688
_d70688